Điện hóa học
Sách trình bày những kiến thức về điện hóa học theo ba phần sau: Dung dịch chất điện ly; Nhiệt động lực học về nguyên tố Ganvani; và Cơ sở động học điện hóa
Sparad:
| Huvudupphovsman: | |
|---|---|
| Materialtyp: | Bok |
| Språk: | Undetermined |
| Publicerad: |
Hà Nội
Khoa học và Kỹ thuật
1999
|
| Ämnen: | |
| Taggar: |
Lägg till en tagg
Inga taggar, Lägg till första taggen!
|
| Thư viện lưu trữ: | Trung tâm Học liệu Trường Đại học Cần Thơ |
|---|
| LEADER | 00798nam a2200193Ia 4500 | ||
|---|---|---|---|
| 001 | CTU_34283 | ||
| 008 | 210402s9999 xx 000 0 und d | ||
| 082 | |a 541.37 | ||
| 082 | |b Kh561 | ||
| 100 | |a Nguyễn, Khương | ||
| 245 | 0 | |a Điện hóa học | |
| 245 | 0 | |c Nguyễn Khương | |
| 260 | |a Hà Nội | ||
| 260 | |b Khoa học và Kỹ thuật | ||
| 260 | |c 1999 | ||
| 520 | |a Sách trình bày những kiến thức về điện hóa học theo ba phần sau: Dung dịch chất điện ly; Nhiệt động lực học về nguyên tố Ganvani; và Cơ sở động học điện hóa | ||
| 650 | |a Chemistry, physical and theoretical,Electrochemistry | ||
| 904 | |i Qhieu | ||
| 980 | |a Trung tâm Học liệu Trường Đại học Cần Thơ | ||